000 00393nam a22001457a 4500
005 20231025142441.0
008 231025b |||||||| |||| 00| 0 eng d
082 _a347.1 BAN
100 _lEnglish
245 _aThe Bangalore Principles of Judicial Conduct 2002
260 _c2002
300 _b11 pages ;
_c30 cm.
700 _aLegal practice
_cLaw
942 _cBK
_6ALISON_BN_VRIES
999 _c61
_d61